Cybersecurity Management System of Large Enterprises: Probabilistic Behavioural Model

Hodnotenie súčasnej situácie kybernetickej bezpečnosti v komerčných aj verejných inštitúciách. Analýza zraniteľných miest, obranných stratégií a dodržiavania predpisov v rôznych sektoroch. Odhalenie vzorcov a osvedčených postupov v oblasti riadenia kybernetickej bezpečnosti a zároveň uľahčenie strat...

Descrizione completa

Salvato in:
Dettagli Bibliografici
Autore principale: Svadlenka, Marek
Natura: Capitolo di libro
Lingua:inglese
Soggetti:
Tags: Aggiungi Tag
Nessun Tag, puoi essere il primo ad aggiungerne!!

MARC

LEADER 00000naa a2200000 4500
001 0308721
005 20250523095805.5
041 0 |a eng 
044 |a CZ 
245 1 0 |a Cybersecurity Management System of Large Enterprises: Probabilistic Behavioural Model  |c Marek Svadlenka 
520 |a Hodnotenie súčasnej situácie kybernetickej bezpečnosti v komerčných aj verejných inštitúciách. Analýza zraniteľných miest, obranných stratégií a dodržiavania predpisov v rôznych sektoroch. Odhalenie vzorcov a osvedčených postupov v oblasti riadenia kybernetickej bezpečnosti a zároveň uľahčenie strategického plánovania pre posilnené bezpečnostné opatrenia vo všetkých oblastiach. 
610 2 0 |a bezpečnosť kybernetická 
610 2 0 |a bezpečnosť informačná 
610 2 0 |a manažment bezpečnostný 
610 2 0 |a útoky kybernetické 
610 2 0 |a behaviorizmus 
100 1 |a Svadlenka, Marek